000 00691nam a2200241Ia 4500
003 OSt
005 20221007070747.0
006 a|||||r|||| 00| 0
007 ta
008 221006b |||||||| |||| 00| 0 eng d
024 _a30,178
037 _cTextual
040 _aFLL
_cFLL
_beng
041 _2eng
_aeng
082 _aZM5:8(Z), P7
100 _aZimmerli Walther Ch.
_9687657
245 0 _aCorporate ethics and corporate governance
260 _aHeidelberg
_bSpringer New York
_c2007
300 _avii,332p
_ccm.
700 _a Holzinger Markus
_9687658
942 _hZM5:8(Z), P7
_cTEXL
_2CC
999 _c1141461
_d1141461